| 000 | 00656nam a22002177a 4500 | ||
|---|---|---|---|
| 005 | 20150515171329.0 | ||
| 010 | _aENG-112636 | ||
| 020 |
_c895.00 _a9788120349186 |
||
| 035 | _aEN-96168 | ||
| 037 | _bDBAD/PUB | ||
| 082 | _a005.7565 | ||
| 100 | _aConrad, Jeff | ||
| 245 | 0 | 0 |
_aMicrosoft Access 2013 inside out / _cby Jeff Conrad |
| 260 |
_aDelhi _bPHI Learning _c2014 |
||
| 270 |
_aRimjhim House, 111, Patparganj Industrial Estate, _bDelhi _e110092 |
||
| 300 |
_axxv,817p.: _c24cm(pbk) _bill. |
||
| 500 | _aIncludes index | ||
| 650 | _a Database management. | ||
| 650 | _a Relational databases. | ||
| 942 |
_2ddc _cEN _mCON _h005.7565 |
||
| 999 |
_c92872 _d92872 |
||